Brand Logos That Start With M - Statistics

General Stats
  • This quiz has been taken 62,251 times
    51,633 since last reset
  • The average score is 14 of 20
Answer Stats
Picture Answer % Correct
McDonald's
99%
Monster
98%
Microsoft
97%
Mastercard
94%
Mercedes
94%
Monopoly
93%
Mountain Dew
87%
Michelin
84%
Marvel
80%
Mazda
79%
Mitsubishi
78%
Mr. Clean
75%
Motorola
73%
Meta
61%
Mattel
53%
Maserati
52%
MGM
41%
McCormick
26%
Morton
25%
Muji
14%
No matching quizzes found
Score Distribution
Percent of People with Each Score
Percentile by Number Answered
Your Score History
You have not taken this quiz since the last reset